Pastoral ministry : (Record no. 7087)

MARC details
000 -LEADER
fixed length control field 02532cam a22004337a 4500
001 - CONTROL NUMBER
control field 634433
003 - CONTROL NUMBER IDENTIFIER
control field GBCCL
005 - DATE AND TIME OF LATEST TRANSACTION
control field 20241126110619.0
008 - FIXED-LENGTH DATA ELEMENTS--GENERAL INFORMATION
fixed length control field 110428s2005 tnua b 001 0 eng d
010 ## -
-- 2011381842
020 ## - INTERNATIONAL STANDARD BOOK NUMBER
International Standard Book Number 1418500062
020 ## - INTERNATIONAL STANDARD BOOK NUMBER
International Standard Book Number 9781418500061
020 ## - INTERNATIONAL STANDARD BOOK NUMBER
International Standard Book Number 9780718025212
020 ## - INTERNATIONAL STANDARD BOOK NUMBER
International Standard Book Number 0718025210
035 ## - SYSTEM CONTROL NUMBER
System control number (OCoLC)ocm61445766
035 ## - SYSTEM CONTROL NUMBER
System control number (OCoLC)61445766
Canceled/invalid control number (OCoLC)424524289
040 ## - CATALOGING SOURCE
Original cataloging agency MSV
Language of cataloging eng
Transcribing agency MSV
Modifying agency DLC
-- BAKER
-- VFY
-- BTCTA
-- YDXCP
-- MXD
-- BDX
-- OCLCF
042 ## -
-- lccopycat
049 ## -
-- LBBK
050 00 -
-- BV4011.2
-- .M34 2005
082 04 - DEWEY DECIMAL CLASSIFICATION NUMBER
Classification number 253
Item number MAC
100 1# - MAIN ENTRY--PERSONAL NAME
Personal name MacArthur, John,
Dates associated with a name 1939-
9 (RLIN) 1165
245 10 - TITLE STATEMENT
Title Pastoral ministry :
Remainder of title how to shepherd biblically /
Statement of responsibility, etc. [by] John MacArthur and The Master's Seminary faculty.
260 ## - PUBLICATION, DISTRIBUTION, ETC.
Place of publication, distribution, etc. Nashville, Tenn. :
Name of publisher, distributor, etc. Thomas Nelson, Inc.,
Date of publication, distribution, etc. c2005.
300 ## - PHYSICAL DESCRIPTION
Extent xiv, 363 p. ;
Dimensions 25 cm.
336 ## - CONTENT TYPE
Content type term text
Content type code txt
Source rdacontent
337 ## - MEDIA TYPE
Media type term unmediated
Media type code n
Source rdamedia
338 ## - CARRIER TYPE
Carrier type term volume
Carrier type code nc
Source rdacarrier
490 1# - SERIES STATEMENT
Series statement The John MacArthur pastor's library.
504 ## - BIBLIOGRAPHY, ETC. NOTE
Bibliography, etc. note Includes bibliographical references (p. [315]-355) and index.
505 0# - FORMATTED CONTENTS NOTE
Formatted contents note Rediscovering pastoral ministry / Richard L. Mayhue -- What is a pastor to be and do? / John MacArthur, Jr. -- Pastoral ministry in history / James F. Stitzinger -- Approaching pastoral ministry scripturally / Alex D. Montoya -- The character of a pastor / John MacArthur, Jr. -- The call to pastoral ministry / James M. George -- Training for pastoral ministry / Irvin A. Busenitz -- Ordination to pastoral ministry ; The pastor's home / Richard L. Mayhue -- The pastor's prayer life; the personal side / James E. Rosscup -- The pastor's prayer life; the ministry side / Donald G. McDougall -- The pastor's study / John MacArthur, Jr. and Robert L. Thomas -- The pastor's compassion for people / David C. Deuel -- Worshiping ; Preaching / John MacArthur, Jr. -- Modeling / George J. Zemek -- Leading ; Outreach / Alex D. Montoya -- Discipling / S. Lance Quinn -- Watching and warning / Richard L. Mayhue -- Observing ordinances ; Answering frequently asked questions / John MacArthur, Jr.
650 #0 - SUBJECT ADDED ENTRY--TOPICAL TERM
Topical term or geographic name entry element Pastoral theology.
9 (RLIN) 414
650 #0 - SUBJECT ADDED ENTRY--TOPICAL TERM
Topical term or geographic name entry element Clergy
General subdivision Office.
9 (RLIN) 299
650 #7 - SUBJECT ADDED ENTRY--TOPICAL TERM
Topical term or geographic name entry element Clergy
General subdivision Office.
Source of heading or term fast
Authority record control number or standard number (OCoLC)fst00864056
9 (RLIN) 299
650 #7 - SUBJECT ADDED ENTRY--TOPICAL TERM
Topical term or geographic name entry element Pastoral theology.
Source of heading or term fast
Authority record control number or standard number (OCoLC)fst01054694
9 (RLIN) 414
800 1# -
-- MacArthur, John,
-- 1939-
-- John MacArthur pastor's library.
-- 12591
856 42 - ELECTRONIC LOCATION AND ACCESS
Materials specified Publisher description
Uniform Resource Identifier <a href="http://catdir.loc.gov/catdir/enhancements/fy1111/2011381842-d.html">http://catdir.loc.gov/catdir/enhancements/fy1111/2011381842-d.html</a>
942 ## - ADDED ENTRY ELEMENTS (KOHA)
Source of classification or shelving scheme Dewey Decimal Classification
Koha item type Books
Koha issues (borrowed), all copies 20
Holdings
Withdrawn status Lost status Source of classification or shelving scheme Damaged status Not for loan Home library Current Library Shelving location Date acquired Source of acquisition Cost, normal purchase price Total checkouts Total renewals Full call number Barcode Date last seen Date last checked out Copy number Cost, replacement price Price effective from Koha item type
    Dewey Decimal Classification     GRACE BIBLE COLLEGE GRACE BIBLE COLLEGE Ministry & Mission 2018-07-09 9 300.00 6 1 253 MAC 014777 2025-07-08 2025-06-30 c.1 300.00 2018-07-09 Books
    Dewey Decimal Classification     GRACE BIBLE COLLEGE GRACE BIBLE COLLEGE Ministry & Mission 2018-07-09 9 300.00 8   253 MAC 014778 2025-05-01 2023-08-01 c.2 300.00 2018-07-09 Books
    Dewey Decimal Classification     GRACE BIBLE COLLEGE GRACE BIBLE COLLEGE Ministry & Mission 2018-07-09 9 300.00 7 1 253 MAC 014779 2025-05-01 2023-07-27 c.3 300.00 2018-07-09 Books
© Grace Bible College Library 2025